000 00964nam a2200253 i 4500
003 IT-RoINE
005 20180716070333.0
008 030212s1960 fr |r |001|| fre|d
040 _aUPSA
_cesslup IT-RoINE
_dIT-RoINE
100 1 _aAppolis, Émile,
_d1903-1980
_951651
245 1 3 _aLe "tiers parti" catholique au XVIIIe siècle :
_bentre jansénistes et zelanti /
_cpar Emile Appolis.
260 _aParis :
_bA. et J. Picard,
_c1960.
300 _aXI, 601 p. ;
_c24 cm.
336 _2rdacontent
_atext
337 _2rdamedia
_aunmediated
338 _2rdacarrier
_avolume
500 _aIncluye índice.
500 _aBajo al tít.: "Ouvrage publié avec le concours du Centre National de la Recherche Scientifique".
504 _aIncluye referencias bibliográficas en notas.
610 2 4 _aFranciscanos
_xHistoria
_ySiglo 18o.
_951652
650 4 _aJansenistas
_947151
651 4 _aFrancia
_xHistoria eclesiástica
_ySiglo 18o.
_951653
942 _cMTS
999 _c26079
_d26079